| 000 | 00541nam a2200181 i 4500 | ||
|---|---|---|---|
| 001 | 24228 | ||
| 003 | ES-MaACL | ||
| 005 | 20231227155437.0 | ||
| 007 | t| | ||
| 008 | 021216s1925 sp ||||1| spa d | ||
| 080 | _a821.134.2-31"19" | ||
| 100 | 1 |
_aAndrés Álvarez, Valentín, _d1891-1982 _9174884 |
|
| 245 | 1 | 0 |
_aSentimental-dancing : _bnovela / _cValentín Andrés Álvarez. |
| 260 |
_aMadrid : _bArtes de la Ilustración, _c1925. |
||
| 300 |
_a205 p. ; _c17 x 12 cm. |
||
| 852 | 4 |
_aES-MaACL _jF-3320 |
|
| 999 |
_c24228 _d24228 |
||